000 01144cam a22003497a 4500
003 CHAP
005 20220329140826.0
008 971013s1940 r 00010 d
010 _a58208
011 _a59180
035 _a63337
040 _cCHAP
082 _a301.35
_bS55
100 0 0 _aSmith, Thomas Lynn.
_9107141
245 1 4 _aThe sociology of rural life
260 _aNew York :
_bHarper,
_c1940
300 _a595 p.
_b: ilus.
504 _aBibliografía : p. 548-580
590 _aBATCH-UPD
_b10
_c20130110
_lUCH01
_h0016
590 _aBATCH-UPD
_b10
_c20130110
_lUCH01
_h0810
590 _aBATCH-UPD
_b10
_c20130409
_lUCH01
_h1954
590 _aBATCH-UPD
_b10
_c20130410
_lUCH01
_h0447
590 _aBATCH-UPD
_b10
_c20130914
_lUCH01
_h2027
590 _aCONVERSION
_b10
_c20130109
_lUCH01
_h1331
650 1 4 _aSociología rural.
_9108215
650 1 4 _aSociología rural
_xAmérica Latina.
_9108218
901 _aBK
942 _cLIBRO
949 _a301.35 S55
_bBC
_cBPA
_d-136024
_eBPA
_h746
_i63337
_si
949 _a301.35 S55
_bBC
_cBPA
_d-136025
_eBPA
_fc.2
_h747
_i63337
_si
949 _a301.35 S55
_bBC
_cBPA
_d-136026
_eBPA
_fc.3
_h46546
_i63337
_si
999 _c58208
_d58208